000 00353nam a2200145Ia 4500
008 220216s9999 xx 000 0 und d
100 _aBurgess E M
245 0 _aCasting small antiquities from latex moulds
260 _bRubber Developments
_c1957
300 _a20-22
650 _aLatex
650 _aLatex moulds
650 _aRubber
942 _cJS
999 _c55220
_d55220